|
|
|
|
| LEADER |
00000nam a22000007a 4500 |
| 005 |
20190412224149.0 |
| 007 |
cr|||| |||| |
| 008 |
190412s2018 es |||||s|||| 00||0 spa d |
| 020 |
|
|
|a 978-84-948453-6-9
|
| 035 |
|
|
|a 23055
|
| 040 |
|
|
|a vLex
|
| 090 |
|
|
|c 8618
|d 8618
|
| 100 |
1 |
|
|a Polaino- Orts, Miguel
|
| 245 |
1 |
0 |
|a Cervantes, Wilde, Azorn̕
|h [Recurso electrn̤ico] :
|b Cinco estudios de Derecho penal y literatura /
|c Miguel Polaino- Orts
|
| 256 |
|
|
|a Servicio en ln̕ea
|
| 260 |
|
|
|a Barcelona:
|b J.M. Bosch Editor,
|c 2018
|
| 300 |
|
|
|a 1 recurso electrn̤ico
|
| 500 |
|
|
|a Existe Derecho en la literatura y literatura en el Derecho. Las dos disciplinas se ven mutuamente enriquecidas por una recp̕roca interaccin̤ funcional. La presente obra profundiza en esa interrelacin̤ de la mano de tres destacados autores de la Historia de la Literatura: Cervantes y el sabroso pasaje de los galeotes, Oscar Wilde y su patťico y conmovedor relato de sus experiencias penitenciarias y Azorn̕, autor de un desconocido texto criminolg̤ico. Los autores de este libro, los Doctores Ral︢ Carranc ̀y Rivas (Catedrt̀ico de la UNAM, abogado penalista, escritor y destacado pensador latinoamericano) y Miguel Polaino-Orts (Profesor de Derecho penal en la Universidad de Sevilla), han compaginado sus investigaciones jurd̕icas con otras obras estrictamente literarias. En el presente ensayo, los Profesores Carranc ̀y Rivas y Polaino-Orts, juristas amantes de las buenas letras, unen profesin̤ y devocin̤ y nos ofrecen cinco estudios atractivos y sugerentes no sl̤o para el jurista sino para todo cultivador de la literatura y el humanismo. Un peculiar paseo por la literatura que deleitar ̀al lector desde la primera a la l︢tima pg̀ina.
|
| 506 |
1 |
|
|a Disponible solo en los productos indicados
|d vLex Global
|d vLex Global (Academic Edition, excluding Law Schools)
|d vLex Global (U.S. Academic Edition, Law Schools)
|d vLex Global (U.S. Academic Edition, excluding Law Schools)
|d vLex Global (Academic Edition, Law Schools)
|
| 650 |
0 |
4 |
|a Derecho Penal
|z Espaą
|
| 740 |
0 |
|
|a vLex Libros (Servicio en ln̕ea)
|
| 856 |
4 |
0 |
|u http://vlex.com/source/cervantes-wilde-azorin-cinco-estudios-de-derecho-penal-y-literatura-23055
|z Acceso restringido
|
| 942 |
|
|
|c BOOK
|
| 999 |
0 |
|
|a Criminal law
|